<?xml version="1.0" encoding="UTF-8"?>
<collection xmlns="http://www.loc.gov/MARC21/slim">
 <record>
  <leader>05895cam a2200973 c 4500</leader>
  <controlfield tag="001">01390079X</controlfield>
  <controlfield tag="003">DE-627</controlfield>
  <controlfield tag="005">20260211143305.0</controlfield>
  <controlfield tag="007">tu</controlfield>
  <controlfield tag="008">830121s1982    gw |||||      00| ||ger c</controlfield>
  <datafield tag="015" ind1=" " ind2=" ">
   <subfield code="a">83,N03,0338</subfield>
   <subfield code="2">dnb</subfield>
  </datafield>
  <datafield tag="015" ind1=" " ind2=" ">
   <subfield code="a">83,A21,1107</subfield>
   <subfield code="2">dnb</subfield>
  </datafield>
  <datafield tag="016" ind1="7" ind2=" ">
   <subfield code="a">830119981</subfield>
   <subfield code="2">DE-101</subfield>
  </datafield>
  <datafield tag="020" ind1=" " ind2=" ">
   <subfield code="a">3799576193</subfield>
  </datafield>
  <datafield tag="020" ind1=" " ind2=" ">
   <subfield code="a">392142920X</subfield>
  </datafield>
  <datafield tag="035" ind1=" " ind2=" ">
   <subfield code="a">(DE-627)01390079X</subfield>
  </datafield>
  <datafield tag="035" ind1=" " ind2=" ">
   <subfield code="a">(DE-603)035183047</subfield>
  </datafield>
  <datafield tag="035" ind1=" " ind2=" ">
   <subfield code="a">(DE-576)009092129</subfield>
  </datafield>
  <datafield tag="035" ind1=" " ind2=" ">
   <subfield code="a">(DE-599)GBV01390079X</subfield>
  </datafield>
  <datafield tag="035" ind1=" " ind2=" ">
   <subfield code="a">(OCoLC)231766972</subfield>
  </datafield>
  <datafield tag="035" ind1=" " ind2=" ">
   <subfield code="a">(OCoLC)310720709</subfield>
  </datafield>
  <datafield tag="035" ind1=" " ind2=" ">
   <subfield code="a">(OCoLC)231766972</subfield>
  </datafield>
  <datafield tag="035" ind1=" " ind2=" ">
   <subfield code="a">(OCoLC)11176071</subfield>
  </datafield>
  <datafield tag="035" ind1=" " ind2=" ">
   <subfield code="a">(DE-604)8010227083</subfield>
  </datafield>
  <datafield tag="040" ind1=" " ind2=" ">
   <subfield code="a">DE-627</subfield>
   <subfield code="b">ger</subfield>
   <subfield code="c">DE-627</subfield>
   <subfield code="e">rakwb</subfield>
  </datafield>
  <datafield tag="041" ind1=" " ind2=" ">
   <subfield code="a">ger</subfield>
  </datafield>
  <datafield tag="044" ind1=" " ind2=" ">
   <subfield code="c">XA-DE</subfield>
   <subfield code="c">XA-DE-BW</subfield>
  </datafield>
  <datafield tag="050" ind1=" " ind2="0">
   <subfield code="a">DD801.L684</subfield>
  </datafield>
  <datafield tag="082" ind1="0" ind2=" ">
   <subfield code="a">943/.471</subfield>
  </datafield>
  <datafield tag="082" ind1="0" ind2=" ">
   <subfield code="a">943.471</subfield>
   <subfield code="q">LoC</subfield>
   <subfield code="2">DDC20oclc</subfield>
  </datafield>
  <datafield tag="084" ind1=" " ind2=" ">
   <subfield code="a">63</subfield>
   <subfield code="2">sdnb</subfield>
  </datafield>
  <datafield tag="084" ind1=" " ind2=" ">
   <subfield code="a">NR 6260</subfield>
   <subfield code="2">rvk</subfield>
   <subfield code="0">(DE-625)rvk/129557:</subfield>
  </datafield>
  <datafield tag="084" ind1=" " ind2=" ">
   <subfield code="a">NR 5895</subfield>
   <subfield code="2">rvk</subfield>
   <subfield code="0">(DE-625)rvk/129483:</subfield>
  </datafield>
  <datafield tag="084" ind1=" " ind2=" ">
   <subfield code="a">NR 5950</subfield>
   <subfield code="2">rvk</subfield>
   <subfield code="0">(DE-625)rvk/129485:</subfield>
  </datafield>
  <datafield tag="084" ind1=" " ind2=" ">
   <subfield code="a">NR 5900</subfield>
   <subfield code="2">rvk</subfield>
   <subfield code="0">(DE-625)rvk/129484:</subfield>
  </datafield>
  <datafield tag="084" ind1=" " ind2=" ">
   <subfield code="a">07</subfield>
   <subfield code="2">bwlb</subfield>
  </datafield>
  <datafield tag="084" ind1=" " ind2=" ">
   <subfield code="a">335</subfield>
   <subfield code="2">bwlb</subfield>
  </datafield>
  <datafield tag="084" ind1=" " ind2=" ">
   <subfield code="a">853</subfield>
   <subfield code="2">bwlb</subfield>
  </datafield>
  <datafield tag="084" ind1=" " ind2=" ">
   <subfield code="a">15.55</subfield>
   <subfield code="2">bkl</subfield>
  </datafield>
  <datafield tag="100" ind1="1" ind2=" ">
   <subfield code="8">1\p</subfield>
   <subfield code="a">Beutter, Herta</subfield>
   <subfield code="d">1943-2024</subfield>
   <subfield code="0">(DE-588)1216967172</subfield>
   <subfield code="0">(DE-627)1728614473</subfield>
   <subfield code="4">aut</subfield>
  </datafield>
  <datafield tag="245" ind1="1" ind2="4">
   <subfield code="a">Die Schenken von Limpurg und ihr Land</subfield>
   <subfield code="b">mit Abbildungen alter Ansichten</subfield>
   <subfield code="c">Gerd Wunder; Max Schefold; Herta Beutter</subfield>
  </datafield>
  <datafield tag="264" ind1=" " ind2="1">
   <subfield code="a">Sigmaringen</subfield>
   <subfield code="b">Thorbecke</subfield>
   <subfield code="c">1982</subfield>
  </datafield>
  <datafield tag="300" ind1=" " ind2=" ">
   <subfield code="a">176 S.</subfield>
   <subfield code="b">Ill., Kt.</subfield>
  </datafield>
  <datafield tag="336" ind1=" " ind2=" ">
   <subfield code="a">Text</subfield>
   <subfield code="b">txt</subfield>
   <subfield code="2">rdacontent</subfield>
  </datafield>
  <datafield tag="337" ind1=" " ind2=" ">
   <subfield code="a">ohne Hilfsmittel zu benutzen</subfield>
   <subfield code="b">n</subfield>
   <subfield code="2">rdamedia</subfield>
  </datafield>
  <datafield tag="338" ind1=" " ind2=" ">
   <subfield code="a">Band</subfield>
   <subfield code="b">nc</subfield>
   <subfield code="2">rdacarrier</subfield>
  </datafield>
  <datafield tag="490" ind1="1" ind2=" ">
   <subfield code="a">Forschungen aus Württembergisch Franken</subfield>
   <subfield code="v">20</subfield>
  </datafield>
  <datafield tag="505" ind1="8" ind2=" ">
   <subfield code="a">Literaturverz. S. 77</subfield>
  </datafield>
  <datafield tag="583" ind1="1" ind2=" ">
   <subfield code="a">Archivierung/Langzeitarchivierung gewährleistet</subfield>
   <subfield code="f">PEBW</subfield>
   <subfield code="x">XA-DE-BW</subfield>
   <subfield code="2">pdager</subfield>
   <subfield code="5">DE-24</subfield>
  </datafield>
  <datafield tag="583" ind1="1" ind2=" ">
   <subfield code="a">Archivierung prüfen</subfield>
   <subfield code="c">20240324</subfield>
   <subfield code="f">DE-4165</subfield>
   <subfield code="z">2</subfield>
   <subfield code="2">pdager</subfield>
  </datafield>
  <datafield tag="600" ind1="0" ind2="7">
   <subfield code="0">(DE-588)118747320</subfield>
   <subfield code="0">(DE-627)694911844</subfield>
   <subfield code="0">(DE-576)209397438</subfield>
   <subfield code="a">Limpurg</subfield>
   <subfield code="c">Familie</subfield>
   <subfield code="2">gnd</subfield>
   <subfield code="7">(dpeaa)DE-631</subfield>
  </datafield>
  <datafield tag="650" ind1="0" ind2="7">
   <subfield code="0">(DE-588)4037220-0</subfield>
   <subfield code="0">(DE-627)10623871X</subfield>
   <subfield code="0">(DE-576)209022892</subfield>
   <subfield code="a">Malerei</subfield>
   <subfield code="2">gnd</subfield>
   <subfield code="7">(dpeaa)DE-631</subfield>
  </datafield>
  <datafield tag="650" ind1="0" ind2="7">
   <subfield code="0">(DE-588)4001393-5</subfield>
   <subfield code="0">(DE-627)104683007</subfield>
   <subfield code="0">(DE-576)208842667</subfield>
   <subfield code="a">Vedute</subfield>
   <subfield code="2">gnd</subfield>
   <subfield code="7">(dpeaa)DE-631</subfield>
  </datafield>
  <datafield tag="650" ind1=" " ind2="4">
   <subfield code="a">Hausgeschichte</subfield>
   <subfield code="0">(DE-631)27157</subfield>
   <subfield code="7">(dpeaa)DE-631</subfield>
  </datafield>
  <datafield tag="650" ind1=" " ind2="4">
   <subfield code="a">Schenk von Limpurg &lt;Adelsgeschlecht&gt;</subfield>
  </datafield>
  <datafield tag="650" ind1=" " ind2="4">
   <subfield code="a">Alte Ansicht</subfield>
  </datafield>
  <datafield tag="650" ind1=" " ind2="4">
   <subfield code="a">Mittelalter / Allg. Geschichte</subfield>
  </datafield>
  <datafield tag="651" ind1=" " ind2="7">
   <subfield code="0">(DE-588)4035772-7</subfield>
   <subfield code="0">(DE-627)106245953</subfield>
   <subfield code="0">(DE-576)20901458X</subfield>
   <subfield code="a">Grafschaft Limpurg</subfield>
   <subfield code="2">gnd</subfield>
   <subfield code="7">(dpeaa)DE-631</subfield>
  </datafield>
  <datafield tag="651" ind1=" " ind2="4">
   <subfield code="a">Limpurg &lt;Grafschaft&gt;</subfield>
  </datafield>
  <datafield tag="653" ind1=" " ind2="0">
   <subfield code="a">Limpurg (Grafschaft)</subfield>
   <subfield code="a">History</subfield>
  </datafield>
  <datafield tag="689" ind1="0" ind2="0">
   <subfield code="d">p</subfield>
   <subfield code="0">(DE-588)118747320</subfield>
   <subfield code="0">(DE-627)694911844</subfield>
   <subfield code="0">(DE-576)209397438</subfield>
   <subfield code="a">Limpurg</subfield>
   <subfield code="c">Familie</subfield>
   <subfield code="2">gnd</subfield>
  </datafield>
  <datafield tag="689" ind1="0" ind2="1">
   <subfield code="d">g</subfield>
   <subfield code="0">(DE-588)4035772-7</subfield>
   <subfield code="0">(DE-627)106245953</subfield>
   <subfield code="0">(DE-576)20901458X</subfield>
   <subfield code="a">Grafschaft Limpurg</subfield>
   <subfield code="2">gnd</subfield>
  </datafield>
  <datafield tag="689" ind1="0" ind2=" ">
   <subfield code="5">(DE-627)</subfield>
  </datafield>
  <datafield tag="700" ind1="1" ind2=" ">
   <subfield code="a">Wunder, Gerd</subfield>
   <subfield code="d">1908-1988</subfield>
   <subfield code="0">(DE-588)118771469</subfield>
   <subfield code="0">(DE-627)079550800</subfield>
   <subfield code="0">(DE-576)163632286</subfield>
   <subfield code="4">oth</subfield>
  </datafield>
  <datafield tag="700" ind1="1" ind2=" ">
   <subfield code="a">Schefold, Max</subfield>
   <subfield code="d">1896-1997</subfield>
   <subfield code="0">(DE-588)1012392635</subfield>
   <subfield code="0">(DE-627)661796469</subfield>
   <subfield code="0">(DE-576)162892438</subfield>
   <subfield code="4">oth</subfield>
  </datafield>
  <datafield tag="787" ind1="0" ind2="8">
   <subfield code="i">Rezension</subfield>
   <subfield code="a">Leistikow, Dankwart, 1926 - 2010</subfield>
   <subfield code="t">[Rezension von: Gerd Wunder, Max Schefold und Herta Beutter, Die Schenken von Limpurg und ihr Land]</subfield>
   <subfield code="d">Braubach : Deutsche Burgenvereinigung, 1985</subfield>
   <subfield code="w">(DE-627)1567167640</subfield>
   <subfield code="w">(DE-576)497167646</subfield>
  </datafield>
  <datafield tag="787" ind1="0" ind2="8">
   <subfield code="i">Rezensiert in</subfield>
   <subfield code="a">Zieger, Andreas</subfield>
   <subfield code="t">[Rezension von: Wunder, Gerd; Schefold, Max; Beutter, Herta, Die Schenken von Limpurg und ihr Land]</subfield>
   <subfield code="d">1984</subfield>
   <subfield code="w">(DE-627)1880565633</subfield>
  </datafield>
  <datafield tag="787" ind1="0" ind2="8">
   <subfield code="i">Rezensiert in</subfield>
   <subfield code="a">Wrobbel, Sibylle</subfield>
   <subfield code="t">[Rezension von: Beutter, Herta; Wunder, Gerd; Schefold, Max, Die Schenken von Limpurg und ihr Land]</subfield>
   <subfield code="d">1984</subfield>
   <subfield code="w">(DE-627)1920455108</subfield>
  </datafield>
  <datafield tag="830" ind1=" " ind2="0">
   <subfield code="a">Forschungen aus Württembergisch-Franken</subfield>
   <subfield code="v">20</subfield>
   <subfield code="9">20</subfield>
   <subfield code="w">(DE-627)130571768</subfield>
   <subfield code="w">(DE-576)02846530X</subfield>
   <subfield code="w">(DE-600)788026-1</subfield>
   <subfield code="x">0532-2057</subfield>
   <subfield code="7">am</subfield>
  </datafield>
  <datafield tag="883" ind1=" " ind2=" ">
   <subfield code="8">1\p</subfield>
   <subfield code="a">cgwrk</subfield>
   <subfield code="d">20250701</subfield>
   <subfield code="q">DE-101</subfield>
   <subfield code="u">https://d-nb.info/provenance/plan#cgwrk</subfield>
  </datafield>
  <datafield tag="889" ind1=" " ind2=" ">
   <subfield code="w">(DE-627)427131065</subfield>
  </datafield>
  <datafield tag="935" ind1=" " ind2=" ">
   <subfield code="a">BWLB</subfield>
  </datafield>
  <datafield tag="935" ind1=" " ind2=" ">
   <subfield code="i">Blocktest</subfield>
  </datafield>
  <datafield tag="936" ind1="r" ind2="v">
   <subfield code="a">NR 6260</subfield>
   <subfield code="b">Schwäbisch Hall</subfield>
   <subfield code="k">Geschichte</subfield>
   <subfield code="k">Landes- und Stadtgeschichte (Allgemeine, Deutsche und Österreichische Landes- und Stadtgeschichte, Ausländische Stadtgeschichte, Geschichte der Auslanddeutschen)</subfield>
   <subfield code="k">Deutsche Landesgeschichte im Einzelnen (einschl. ehemaliger deutscher Gebiete)</subfield>
   <subfield code="k">Baden-Württemberg mit Oberrheinland</subfield>
   <subfield code="k">Kloster- und Stiftsgeschichte, Stadtgeschichte</subfield>
   <subfield code="k">Einzelne Städte</subfield>
   <subfield code="k">Städte S</subfield>
   <subfield code="k">Schwäbisch Hall</subfield>
   <subfield code="0">(DE-627)1271523604</subfield>
   <subfield code="0">(DE-625)rvk/129557:</subfield>
   <subfield code="0">(DE-576)201523604</subfield>
  </datafield>
  <datafield tag="936" ind1="r" ind2="v">
   <subfield code="a">NR 5895</subfield>
   <subfield code="b">Darstellungsreihen</subfield>
   <subfield code="k">Geschichte</subfield>
   <subfield code="k">Landes- und Stadtgeschichte (Allgemeine, Deutsche und Österreichische Landes- und Stadtgeschichte, Ausländische Stadtgeschichte, Geschichte der Auslanddeutschen)</subfield>
   <subfield code="k">Deutsche Landesgeschichte im Einzelnen (einschl. ehemaliger deutscher Gebiete)</subfield>
   <subfield code="k">Baden-Württemberg mit Oberrheinland</subfield>
   <subfield code="k">Darstellungsreihen</subfield>
   <subfield code="0">(DE-627)1271474018</subfield>
   <subfield code="0">(DE-625)rvk/129483:</subfield>
   <subfield code="0">(DE-576)201474018</subfield>
  </datafield>
  <datafield tag="936" ind1="r" ind2="v">
   <subfield code="a">NR 5950</subfield>
   <subfield code="b">Landschaftsgeschichte</subfield>
   <subfield code="k">Geschichte</subfield>
   <subfield code="k">Landes- und Stadtgeschichte (Allgemeine, Deutsche und Österreichische Landes- und Stadtgeschichte, Ausländische Stadtgeschichte, Geschichte der Auslanddeutschen)</subfield>
   <subfield code="k">Deutsche Landesgeschichte im Einzelnen (einschl. ehemaliger deutscher Gebiete)</subfield>
   <subfield code="k">Baden-Württemberg mit Oberrheinland</subfield>
   <subfield code="k">Landschaftsgeschichte</subfield>
   <subfield code="0">(DE-627)1271474034</subfield>
   <subfield code="0">(DE-625)rvk/129485:</subfield>
   <subfield code="0">(DE-576)201474034</subfield>
  </datafield>
  <datafield tag="936" ind1="r" ind2="v">
   <subfield code="a">NR 5900</subfield>
   <subfield code="b">Landesgeschichte</subfield>
   <subfield code="k">Geschichte</subfield>
   <subfield code="k">Landes- und Stadtgeschichte (Allgemeine, Deutsche und Österreichische Landes- und Stadtgeschichte, Ausländische Stadtgeschichte, Geschichte der Auslanddeutschen)</subfield>
   <subfield code="k">Deutsche Landesgeschichte im Einzelnen (einschl. ehemaliger deutscher Gebiete)</subfield>
   <subfield code="k">Baden-Württemberg mit Oberrheinland</subfield>
   <subfield code="k">Landesgeschichte</subfield>
   <subfield code="0">(DE-627)1270882686</subfield>
   <subfield code="0">(DE-625)rvk/129484:</subfield>
   <subfield code="0">(DE-576)200882686</subfield>
  </datafield>
  <datafield tag="936" ind1="b" ind2="k">
   <subfield code="a">15.55</subfield>
   <subfield code="j">Baden-Württemberg</subfield>
   <subfield code="x">Geschichte</subfield>
   <subfield code="0">(DE-627)181571617</subfield>
  </datafield>
  <datafield tag="936" ind1="s" ind2="n">
   <subfield code="a">n100</subfield>
   <subfield code="2">mzub</subfield>
  </datafield>
  <datafield tag="951" ind1=" " ind2=" ">
   <subfield code="a">BO</subfield>
  </datafield>
  <datafield tag="990" ind1=" " ind2=" ">
   <subfield code="a">Limpurg &lt;Familie&gt; </subfield>
  </datafield>
  <datafield tag="990" ind1=" " ind2=" ">
   <subfield code="a">Grafschaft Limpurg</subfield>
  </datafield>
  <datafield tag="991" ind1=" " ind2=" ">
   <subfield code="a">Rezensiertes Werk</subfield>
  </datafield>
  <datafield tag="999" ind1=" " ind2=" ">
   <subfield code="a">KXP-PPN01390079X</subfield>
   <subfield code="e">4184338399</subfield>
  </datafield>
 </record>
</collection>
